<?xml version="1.0" encoding="UTF-8"?>
<record
    xmlns:xsi="http://www.w3.org/2001/XMLSchema-instance"
    xsi:schemaLocation="http://www.loc.gov/MARC21/slim http://www.loc.gov/standards/marcxml/schema/MARC21slim.xsd"
    xmlns="http://www.loc.gov/MARC21/slim">

  <leader>00910nam a2200193 i 4500</leader>
  <controlfield tag="001">79761</controlfield>
  <controlfield tag="003">ES-MaACL</controlfield>
  <controlfield tag="005">20240419213206.0</controlfield>
  <controlfield tag="007">t|</controlfield>
  <controlfield tag="008">041025s1912    sp           ||||1| spa d</controlfield>
  <datafield tag="100" ind1="1" ind2=" ">
    <subfield code="a">Herrero y S&#xE1;nchez, Jos&#xE9; Joaqu&#xED;n.</subfield>
    <subfield code="9">63269</subfield>
  </datafield>
  <datafield tag="245" ind1="1" ind2="0">
    <subfield code="a">Tres m&#xFA;sicos espa&#xF1;oles </subfield>
    <subfield code="b">: Juan del Encina, Lucas Fern&#xE1;ndez, Manuel Doyag&#xFC;e y la cultura art&#xED;stica de su tiempo : discurso le&#xED;do ante la Real Academia de Bellas Artes de San Fernando en la recepci&#xF3;n p&#xFA;blica / </subfield>
    <subfield code="c">por Jos&#xE9; Joaqu&#xED;n Herrero ; contestaci&#xF3;n de Cecilio Roda L&#xF3;pez el 23 de junio de 1912.</subfield>
  </datafield>
  <datafield tag="260" ind1=" " ind2=" ">
    <subfield code="a">Madrid : </subfield>
    <subfield code="b">[s.n.], </subfield>
    <subfield code="c">1912 (</subfield>
    <subfield code="f">Tip. Art&#xED;stica de Su&#xE1;rez y Abbad)</subfield>
  </datafield>
  <datafield tag="300" ind1=" " ind2=" ">
    <subfield code="a">94 p. ; </subfield>
    <subfield code="c">25 cm.</subfield>
  </datafield>
  <datafield tag="700" ind1="1" ind2=" ">
    <subfield code="a">Roda, Cecilio de,</subfield>
    <subfield code="d">1865-1912</subfield>
    <subfield code="9">227158</subfield>
  </datafield>
  <datafield tag="710" ind1="2" ind2=" ">
    <subfield code="a">Real Academia de Bellas Artes de San Fernando.</subfield>
    <subfield code="9">6291</subfield>
  </datafield>
  <datafield tag="852" ind1=" " ind2=" ">
    <subfield code="a">ES-MaACL</subfield>
    <subfield code="j">L-4912(20-5) </subfield>
    <subfield code="z">.- Donativo Roda</subfield>
  </datafield>
  <datafield tag="999" ind1=" " ind2=" ">
    <subfield code="c">79761</subfield>
    <subfield code="d">79761</subfield>
  </datafield>
  <datafield tag="952" ind1=" " ind2=" ">
    <subfield code="0">0</subfield>
    <subfield code="1">0</subfield>
    <subfield code="4">0</subfield>
    <subfield code="7">0</subfield>
    <subfield code="a">ATENEOM</subfield>
    <subfield code="b">ATENEOM</subfield>
    <subfield code="c">DEPO2</subfield>
    <subfield code="d">2008-01-17</subfield>
    <subfield code="e">DON</subfield>
    <subfield code="l">0</subfield>
    <subfield code="o">L-4912(20-5)</subfield>
    <subfield code="p">1083401</subfield>
    <subfield code="r">2023-02-23 00:00:00</subfield>
    <subfield code="w">2023-02-23</subfield>
    <subfield code="y">MONOGRAFIA</subfield>
  </datafield>
</record>
